000 00508nam a2200181Ia 4500
008 230711s9999||||xx |||||||||||||| ||und||
020 _a81-85594-75-9
041 _aENG
082 _a620.106
_bAL-F
100 _aAlavudeen,A
245 0 _aFluid Power Tranmission and Control ( Applied Hydraulics and Pneumatics)
250 _a1st Ed.
260 _c2017
_aGujarat
_bCharotar Publishing House PVT.LTD
300 _a460p.
650 _aMechanical Engineering
700 _aHussain Syed,Khalid
942 _cBK
999 _c6727
_d6727